| 000 | 00555nam a2200097Ia 4500 | ||
|---|---|---|---|
| 008 | 170517s9999 xx 000 0 und d | ||
| 245 | _aMoney Talks: Profits Before Patient Safety | ||
| 300 | _aMoney Talks exposes the questionable tactics that big drug companies use to make record profits by playing with the safety of our family's health care. Using misleading advertising, attractive drug reps who wine and dine doctors and other unethical... | ||
| 650 | _xTechnology. | ||
| 856 | _uhttp://topdocumentaryfilms.com/money-talks-profits-before-patient-safety/ | ||
| 999 |
_c335060 _d335060 |
||